Word Ladder: Biology Quiz Stats

 Plays Quiz Updated Sep 15, 2018

Score 0/20 Timer 03:00
3 Plays Today
Clue 4-Letter Word % Correct
Inventor of the telephoneBELL
96.1%
♡Fluid secreted by the liver♡♡BILE♡
95.3%
Cut with the teethBITE
94%
♡Basic unit of an organism♡♡CELL♡
94%
Put your shirt into your pantsTUCK
93.7%
Chess conclusionMATE
93.7%
Facial disguiseMASK
93.5%
Statement of money owedBILL
93.4%
♡A long tooth associated with elephants♡♡TUSK♡
93.4%
____ of the IrishLUCK
92.3%
Clue 4-Letter Word % Correct
♡Tiny parasitic arachnid♡♡MITE♡
91%
Actor LeBlanc or Smith, e.g.MATT
89.2%
To-do list itemTASK
88.8%
Strand of hairLOCK
87.8%
Scottish lakeLOCH
86%
♡Type of specialized white blood [First Rung]♡♡MAST♡
81.6%
♡Nocturnal flying insect♡♡MOTH♡
64.8%
A period of humid or muggy weather (UK)MOCH
60.5%
Particle of dustMOTE
50.7%
♡Species of swan♡♡MUTE♡
29.6%

Today's Daily Dose

Missing Word
Banned Books (A-Z)

Word Ladder
Janis Joplin

Get the Picture
Occupations

You're not logged in!

Compare scores with friends on all Sporcle quizzes.
OR
Log In

Sporcle TV

Today on Sporcle TV


Watch our educational content, quiz creation guides, and fun videos on Sporcle TV.

Show Comments

Extras

Top Quizzes Today


Score Distribution

Your Account Isn't Verified!

In order to create a playlist on Sporcle, you need to verify the email address you used during registration. Go to your Sporcle Settings to finish the process.

Report this User

Report this user for behavior that violates our Community Guidelines.

Details: